| 000 | 00843cab a2200229 4500 | ||
|---|---|---|---|
| 001 | WB3440-51 | ||
| 008 | 090401t1998 xxu||||| |||| 00| 0 eng d | ||
| 035 | _a(Sirsi) u89247 | ||
| 041 | _aeng | ||
| 245 | _aLord Rogers welcomes white paper | ||
| 260 | _c1998 | ||
| 350 | _a0 | ||
| 490 |
_aDETR News Release _v(875) 21 October 1998 (2) |
||
| 520 | _aLord Rogers, the Chairman of the Urban Task Force, has welcomed the announcement that an urban white paper is to be published next year. The Task Force is to speed up the delivery of it`s report on urban regeneration so that it can be taken into consideration before the white paper is published. | ||
| 650 | _aURBAN POLICY | ||
| 650 | _aURBAN REGENERATION | ||
| 650 | _aURBAN TASK FORCE | ||
| 650 | _aWHITE PAPER | ||
| 690 | _aURBAN RENEWAL | ||
| 942 | _n0 | ||
| 948 | _c23/10/1998 | ||
| 999 |
_c56449 _d56449 |
||